Un hombre: novela

Сохранить в:
Библиографические подробности
Главный автор: Fallaci, Oriana (Автор)
Формат:
Язык:испанский
Опубликовано: Barcelona Noguer 1979
Предметы:
Метки: Добавить метку
Нет меток, Требуется 1-ая метка записи!

MARC

LEADER 00000nam a2200000 a 4500
001 UCG1055
003 CL-VaPUC
008 100422e19790000SP |||||||||||||||||spa|d
020 |a 8427938543 
082 0 4 |a 853  |b FAL  |2 21 
100 0 |a Fallaci, Oriana  |e author  |9 548770 
245 1 3 |a Un hombre: novela 
300 |a 461 p 
942 |c BK 
945 |d 20100422 00:00:00  |a rbrito 
260 |a Barcelona  |b Noguer  |c 1979 
650 0 |a Novela italiana  |9 265740 
583 |a last modification  |c 20100422 00:00:00  |k Rodrigo Vera 
999 |c 340509  |d 340507 
952 |0 0  |1 0  |4 0  |6 853_000000000000000_FAL_1979  |7 0  |8 A  |9 435293  |a BIBEDU  |b BIBEDU  |d 2019-11-22  |i 4662652  |o 853 FAL 1979  |p 4662652  |r 2019-11-22  |w 2019-11-22  |y BK  |k LIT